films par métiers #6 - Statistiques

Statistiques générales
  • Ce quiz a été pris 33 fois
  • Le résultat moyen est 5 sur 20
Statistiques - réponses
Hint Réponse % Correct
Scientifique Océanographique (Matt Hooper) Les Dents de la Mer (1975)
77%
Esthéticienne (Angèle Piana) Venus Beauté (1999)
58%
Infirmière (Evelyn Johnson) Pearl Harbor (2001)
35%
Professeur d'astronomie (John Koestler) Prédictions (2009)
35%
Médium (Elise Rainier) Insidious (2010)
31%
Clerc de notaire (Arthur Kipps) La Dame en Noir (2012)
23%
Journaliste (Gail Hailstorm) Scary Movie (2000)
23%
Romancière (Jennifer Hills) I Spit On Your Grave (2010)
19%
Pécheur (Ray Bronson) Souviens toi l'Été Dernier 2 (1999)
19%
Chauffeur de Bus (Willy) Stars 80 (2012)
19%
Réalisatrice (Terri Flores) Anaconda, le Prédateur (1997)
15%
Représentant de commerce (David Mann) Duel (1971)
15%
Docteur spécialiste en insomnie (David Marrow) Hantise (1999)
15%
Avocat (Miles Massey) Intolérable Cruauté (2003)
15%
Attaché de presse (Stuart Shepard) Phone Game (2002)
15%
Profiler du FBI puis à la retraite (Terry McCaleb) Créance de sang (2002)
12%
Voyant (Rham Jas) Jusqu'en Enfer (2009)
12%
Violoncelliste (Dana Barrett) SOS Fantômes (1984)
8%
Vetérane de la Guerre d'Irak (Amanda Harper) Escape Game (2019)
4%
Infirmier (Barney) Hannibal (2001)
4%
Aucun quiz correspondant
Distribution des résultats
% des personnes avec chaque résultat
Percentile par nombre de réponses
Votre historique - résultats
Vous n’avez pas pris ce quiz